000 00443nam a2200169Ia 4500
003 GCL
008 140319s9999 xx 000 0 eng d
040 _aGCL /
_cGCL
082 0 4 _a495.65
_bF T
100 1 _aFUKUI, NAOKI
245 1 0 _aTHEORY OF PROJECTION INSYNTAK /
_cFUKUI, NAOKI
260 _a[S.N] :
_bCSLI PUBLICATION ،
_c1995
300 _a157
650 0 4 _aJAPAN - LANGUAGE
650 0 4 _aPHRASE STRACTURE GRAMMAR
942 _2ddc
_cBK
999 _c10232
_d10232